000
00335nam a2200145Ia 4500
008
230718s9999 xx 000 0 und d
041
_a
Eng.
082
_a
135.3
_b
KOC-T
100
_a
Koch, Phyllis R₂
245
4
_a
The dream Sousse Book
260
_a
Pakistan
_b
Lowell house
_c
1986
300
_a
192
650
_a
Law
999
_c
26116
_d
26116